RIVISTA DI SCIENZE DELL'EDUCAZIONE. GENNAIO-APRILE 1996. (Record n. 326461)

Dettagli MARC
000 -LEADER
fixed length control field 01602nas a2200277Ia 4500
001 - CONTROL NUMBER
control field R370-R7867
003 - CONTROL NUMBER IDENTIFIER
control field IT-CnALBA
008 - FIXED-LENGTH DATA ELEMENTS--GENERAL INFORMATION
fixed length control field 170116c99999999xx |||||||||||| ||und||
040 ## - CATALOGING SOURCE
Original cataloging agency IT-CnALBA
Transcribing agency IT-CnALBA
041 ## - LANGUAGE CODE
Language code of text/sound track or separate title ITALIANO
999 ## - SYSTEM CONTROL NUMBERS (KOHA)
Koha Dewey Subclass [OBSOLETE] NO
100 ## - MAIN ENTRY--PERSONAL NAME
Personal name MISIANO MARIA
210 ## - ABBREVIATED TITLE
Abbreviated title RIVISTA DI SCIENZE DELL'EDUCAZIONE
222 ## - KEY TITLE
Key title RIVISTA DI SCIENZE DELL'EDUCAZIONE
245 #0 - TITLE STATEMENT
Title RIVISTA DI SCIENZE DELL'EDUCAZIONE. GENNAIO-APRILE 1996.
250 ## - EDITION STATEMENT
Edition statement 1a ed.
260 ## - PUBLICATION, DISTRIBUTION, ETC. (IMPRINT)
Place of publication, distribution, etc. ROMA
Name of publisher, distributor, etc. LAS - LIBRERIA ATENEO SALESIANO
Date of publication, distribution, etc. 1996 [1° Ed.:1996 - Ed.Ling.Originale: 1996]
300 ## - PHYSICAL DESCRIPTION
Extent 158 p.
310 ## - CURRENT PUBLICATION FREQUENCY
Current publication frequency QUADRIMESTRALE
362 ## - DATES OF PUBLICATION AND/OR SEQUENTIAL DESIGNATION
Dates of publication and/or sequential designation Fascicolo: 1 / Anno: 34 (1996)
500 ## - GENERAL NOTE
General note ADULTI PER EVANGELIZZAZIONE DEI BAMBINI. MESSAGGIO DEL PAPA PER LA GIORNATA DELLA PACE 1996. IN MEMORIA DI DON E. VIGANO''. FARINA M. UN CUORE SECONDO DON BOSCO. GUARDALUPI A.M. IDENTIFICAZIONE CON LE FIGURE PARENTALI E SCELTA DEL PARTNER, ANALISI DI UNA COPPIA. TRICARICO F.M. I MEDIA PER LE ELEMENTARI. LA SCUOLA IN RETE DI CHANG CHU A. NOTIZIARIO. BIBLIOGRAFIA.
501 ## - WITH NOTE
With note Società San Paolo EM - Piazza San Paolo, 14 - 12051 ALBA (CN) (non commercial uses only) ® Copyright 2017
520 ## - SUMMARY, ETC.
Summary, etc. ADULTI PER EVANGELIZZAZIONE DEI BAMBINI. MESSAGGIO DEL PAPA PER LA GIORNATA DELLA PACE 1996. IN MEMORIA DI DON E. VIGANO''. FARINA M. UN CUORE SECONDO DON BOSCO. GUARDALUPI A.M. IDENTIFICAZIONE CON LE FIGURE PARENTALI E SCELTA DEL PARTNER, ANALISI DI UNA COPPIA. TRICARICO F.M. I MEDIA PER LE ELEMENTARI. LA SCUOLA IN RETE DI CHANG CHU A. NOTIZIARIO. BIBLIOGRAFIA.
650 ## - SUBJECT ADDED ENTRY--TOPICAL TERM
Topical term or geographic name as entry element EDUCAZIONE
942 ## - ADDED ENTRY ELEMENTS (KOHA)
Koha item type RIVISTA
957 ## -
-- 1
999 ## - SYSTEM CONTROL NUMBERS (KOHA)
-- 1
Dati di copia
Withdrawn status Lost status Damaged status Not for loan Home library Current library Date acquired Total Checkouts Full call number Date last seen Price effective from Koha item type Public note
    Buone Condizioni Not For Loan ALBA - Biblioteca ALBA - Biblioteca 16/01/2017   R370-R7867 16/01/2017 16/01/2017 RIVISTA (data import: 16 gennaio 2017) - By Epidotti, Vaglietti.
CREDITS: SOCIETA' SAN PAOLO Via A.Severo, 58 - ROMA (RM) & PERIODICI SAN PAOLO SRL Via Giotto, 36 MILANO & CISF Via Giotto, 36 MILANO & EDIZIONI SAN PAOLO SRL,  Piazza Soncino, 5 CINISELLO BALSAMO (MI) -- ITALY